| 000 | 01237cab a2200229 4500 | ||
|---|---|---|---|
| 001 | ##L131380 | ||
| 008 | 051027n2005 000 0 eng u | ||
| 035 | _a(Sirsi) u131380 | ||
| 041 | 0 | _aeng | |
| 100 | 1 | _aRoberts, Keith | |
| 245 | 0 | 0 | _aOne l of a time |
| 260 | _c2005 | ||
| 490 | 0 |
_aRIBA Journal _v112(10) October 2005, 73-76(3) |
|
| 520 | _aDiscusses the likely impact on roof design of the proposed changes to Part L of the Building Regulations, which are intended to improve the energy efficiency of buildings. From April 2006, if major repairs are required to roofs, building regulation approval will be needed, and thicker thermal insulation will have to be installed. Practical difficulties are anticipated with some flat roofs, and the additional costs may well outweigh the intended benefits. | ||
| 590 | _aIKA081105 | ||
| 650 | 2 | 4 | _aBUILDING REGULATIONS 2000 APPROVED DOCUMENT L2A (2005 INTERIM EDITION) |
| 650 | 2 | 4 | _aBUILDING REGULATIONS 2000 APPROVED DOCUMENT L2B (2005 INTERIM EDITION) |
| 650 | 2 | 4 | _aBUILDING REGULATIONS 2000 APPROVED DOCUMENT L1A (2005 INTERIM EDITION) |
| 650 | 2 | 4 | _aBUILDING REGULATIONS 2000 APPROVED DOCUMENT L1B (2005 INTERIM EDITION) |
| 690 |
_aBuilding regulations _96224 |
||
| 942 | _n0 | ||
| 999 |
_c76063 _d76063 |
||